Project Design, Implementation and Resource Mobilization in a Competitive Economy (Record no. 4342)
[ view plain ]
| 005 - DATE AND TIME OF LATEST TRANSACTION | |
|---|---|
| control field | 20250619145301.0 |
| 020 ## - INTERNATIONAL STANDARD BOOK NUMBER | |
| International Standard Book Number | 998796312-9 |
| 082 ## - DEWEY DECIMAL CLASSIFICATION NUMBER | |
| Classification number | 658.4 MAG |
| 100 ## - MAIN ENTRY--PERSONAL NAME | |
| Author name | MAGIGI, W. |
| 245 ## - TITLE STATEMENT | |
| Title | Project Design, Implementation and Resource Mobilization in a Competitive Economy |
| 250 ## - EDITION STATEMENT | |
| Edition statement | 2nd Ed. |
| 260 ## - PUBLICATION, DISTRIBUTION, ETC. | |
| Place of publication, distribution, etc. | Dar es Salaam, |
| Name of publisher, distributor, etc. | Safi Publishers, |
| Date of publication, distribution, etc. | 2015. |
| 300 ## - PHYSICAL DESCRIPTION | |
| Extent | xv,568p.; ill.; figure |
| Other physical details | Annexes & Bibliography |
| Dimensions | 23cm. |
| 942 ## - ADDED ENTRY ELEMENTS (KOHA) | |
| Source of classification or shelving scheme | Dewey Decimal Classification |
| Koha item type | Books |
| Date last seen | Total checkouts | Full call number | Barcode | Cost, replacement price | Price effective from | Koha item type | Lost status | Source of classification or shelving scheme | Damaged status | Not for loan | Withdrawn status | Home library | Current library | Shelving location | Date acquired | Cost, normal purchase price |
|---|---|---|---|---|---|---|---|---|---|---|---|---|---|---|---|---|
| 06/19/2025 | 658.4 MAG | DOM0003601 | 240000.00 | 06/19/2025 | Books | Dewey Decimal Classification | CBE Dodoma | CBE Dodoma | Special Reserve Collection | 11/29/2021 | 80000.00 | |||||
| 06/19/2025 | 658.4 MAG | DOM0003602 | 240000.00 | 06/19/2025 | Books | Dewey Decimal Classification | CBE Dodoma | CBE Dodoma | Special Reserve Collection | 11/29/2021 | 80000.00 |
